Creative marketing communications : (Record no. 20139)
[ view plain ]
| 000 -LEADER | |
|---|---|
| fixed length control field | 00442nam a22001457a 4500 |
| 008 - FIXED-LENGTH DATA ELEMENTS--GENERAL INFORMATION | |
| fixed length control field | 230522b |||||||| |||| 00| 0 eng d |
| 020 ## - INTERNATIONAL STANDARD BOOK NUMBER | |
| International Standard Book Number | 0749434589 |
| 050 ## - LIBRARY OF CONGRESS CALL NUMBER | |
| Classification number | HF5415.123 |
| Item number | .Y33 2001 |
| 100 ## - MAIN ENTRY--PERSONAL NAME | |
| Personal name | Yadin, Daniel |
| 245 ## - TITLE STATEMENT | |
| Title | Creative marketing communications : |
| Remainder of title | A practical guide to planning, skills and techniques/ by |
| Statement of responsibility, etc. | Daniel Yadin |
| 250 ## - EDITION STATEMENT | |
| Edition statement | 3rd ed. |
| 260 ## - PUBLICATION, DISTRIBUTION, ETC. (IMPRINT) | |
| Place of publication, distribution, etc. | London |
| Name of publisher, distributor, etc. | Kogan page |
| Date of publication, distribution, etc. | 2001 |
| 300 ## - PHYSICAL DESCRIPTION | |
| Extent | vi, 343p. |
| 942 ## - ADDED ENTRY ELEMENTS (KOHA) | |
| Source of classification or shelving scheme | Library of Congress Classification |
| Koha item type | General Collection |
| Withdrawn status | Lost status | Source of classification or shelving scheme | Not for loan | Home library | Current library | Date acquired | Cost, normal purchase price | Inventory number | Total Checkouts | Full call number | Barcode | Date last seen | Copy number | Price effective from | Koha item type |
|---|---|---|---|---|---|---|---|---|---|---|---|---|---|---|---|
| Library of Congress Classification | Kabarak, Main Campus | Kabarak, Main Campus | 22/05/2023 | 4920.00 | 2107/2022 | HF5415.123 .Y33 2001 C.1 | 34994 | 22/05/2023 | C.1 | 22/05/2023 | General Collection | ||||
| Library of Congress Classification | Kabarak, Main Campus | Kabarak, Main Campus | 22/05/2023 | 4920.00 | 0135/2023 | HF5415.123 .Y33 2001 C.2 | 34612 | 22/05/2023 | C.2 | 22/05/2023 | General Collection | ||||
| Library of Congress Classification | Kabarak, Main Campus | Kabarak, Main Campus | 22/05/2023 | 4920.00 | 2068/2023 | HF5415.123 .Y33 2001 C.3 | 032721 | 15/08/2023 | C.3 | 22/05/2023 | General Collection |